Finis les paroles - Tiakola - Statistiques

Statistiques générales
  • Ce quiz a été pris 1 244 fois
  • Le résultat moyen est 7 sur 11
Statistiques - réponses
Hint Réponse % Correct
Laisse-moi me taper des barres quand j’entends qu’ils disent : « L’avenir est à.. nous
92%
Je suis responsable de la maison, ma détermination avait.. raison
90%
Bats les couilles d’leur histoire, j’suis venu marquer la... mienne
73%
La France avait besoin de moi, donc rajoute une troisième.. étoile
69%
Avant d’être une re-sta, avant d’être La Mélo’, j’suis un enfant du... bloc
68%
Tu sais qu’la nuit porte conseil, mais ces conseils sont... mauvais
64%
Allons faire la guerre pour aller gagner la... paix
59%
Ils veulent nous salir pour qu’les humains nous... détestent
56%
Gasolina veut sac Hermès, les potes, les proches veulent gratte une... pièce
56%
Malgré les cernes, malgré les sommes, j’dois faire les... sommes
55%
Avant qu’ça finisse mal, j’vais mettre de côté ceux qui... profitent
30%
Aucun quiz correspondant
Distribution des résultats
% des personnes avec chaque résultat
Percentile par nombre de réponses
Votre historique - résultats
Vous n’avez pas pris ce quiz